| Tag |
First Indicator |
Second Indicator |
Subfields |
| LEADER |
00000cam a2200000Ia 4500 |
| 001 |
in00001663223 |
| 005 |
20190207100202.0 |
| 008 |
790406s1950 scua 001 0 eng d |
| 035 |
|
|
|a (OCoLC)ocm04830560
|
| 040 |
|
|
|a UUS
|c UUS
|d VPI
|d TXA
|d UtOrBLW
|
| 049 |
|
|
|a TXAM
|
| 090 |
|
|
|a TX715
|b .C537 1950
|
| 092 |
|
|
|a 641.5
|b J959
|
| 245 |
0 |
0 |
|a Charleston receipts /
|c collected by the Junior League of Charleston ; [editors, Mary Vereen Huguenin and Anne Montague Stoney].
|
| 264 |
|
1 |
|a Charleston, S.C. :
|b The League,
|c 1950.
|
| 300 |
|
|
|a 330 pages :
|b illustrations ;
|c 23 cm.
|
| 336 |
|
|
|a text
|b txt
|2 rdacontent
|
| 337 |
|
|
|a unmediated
|b n
|2 rdamedia
|
| 338 |
|
|
|a volume
|b nc
|2 rdacarrier
|
| 500 |
|
|
|a The Cushing Library/Chapman Texas Collection copy is part of the Floyd & Louise Chapman Texas & Borderlands Collection.
|5 TXA
|
| 500 |
|
|
|a "The Texas Cookbook Collection."
|
| 536 |
|
|
|a Cushing Library Texas copy was donated 1999 by Ona Stribling Beams, Dallas, Texas, in memory of George William Beams, Class of 1929.
|
| 650 |
|
0 |
|a Cooking, American.
|
| 650 |
|
0 |
|a Cooking
|z South Carolina
|z Columbia.
|
| 710 |
2 |
|
|a Junior League of Charleston (S.C.)
|
| 700 |
1 |
|
|a Huguenin, Mary Vereen.
|
| 700 |
1 |
|
|a Stoney, Anne Montague.
|
| 994 |
|
|
|a E0
|b TXA
|
| 948 |
|
|
|a cataloged
|b h
|c 2002/2/27
|d c
|e nrodrigu
|f 8:38:04 am
|
| 999 |
|
|
|a MARS
|
| 999 |
f |
f |
|s c6585ad8-703e-39c5-9149-cf3a70c5e9ca
|i e2671ab1-8dd8-3ec5-b09c-010dfcffd075
|t 0
|
| 952 |
f |
f |
|p noncirc
|a Texas A&M University
|b College Station
|c Cushing Memorial Library & Archives
|d Cushing: Chapman Texas Collection (Does not check out)
|t 0
|e TX715 .C537 1950
|h Library of Congress classification
|i unmediated -- volume
|
| 952 |
f |
f |
|p noncirc
|a Texas A&M University
|b College Station
|c Cushing Memorial Library & Archives
|d Cushing: Chapman Texas Collection (Does not check out)
|t 0
|e TX715 .C537 1950
|h Library of Congress classification
|i unmediated -- volume
|
| 998 |
f |
f |
|a TX715 .C537 1950
|t 0
|l Cushing: Chapman Texas Collection (Does not check out)
|
| 998 |
f |
f |
|a TX715 .C537 1950
|t 0
|l Cushing: Chapman Texas Collection (Does not check out)
|